000 00630nas a2200205 4500
001 BR7302443
003 BR-BrBNA
005 20231205082430.0
007 ta
008 230509b bl.|||p| |||| 00| 00por d
040 _aBR-BrBNA
_bpor
_cBiblioteca Nacional de Agricultura
041 _a(Pt)
072 _aF70; F50
100 1 _aHoehne, F.C.
245 1 _aDuas novas Aristolochia a serem acrescentadas [Planta trepadeira]
650 _aARISTOLOCHIA
773 0 _tArquivos de Botanica do Estado de Sao Paulo (Brazil)
_x
_g(Apr 1944), v. 1(6) p. 135
_wBR7302443
909 _a202311
_bLúcia
_c55
_dLúcia Elande
942 _2AGRIS
_n0
_cANA
999 _c91763
_d91763